000 00878nam a22002651u 4500
001 06054
003 HDC
007 cr bn ---
008 210122p xx fo d 00 engg
040 _aHDC
100 _aHaji Daud Amatzin
_96353
245 0 _aFood Security Solution through Halal Trade
_cby Haji Daud Amatzin
260 _a[No place] :
_b[publisher not identified],
_c2014
300 _a3 pages :
_bIllustrations
336 _atext
_2rdacontent
337 _acomputer
_2rdamedia
338 _aonline resource
_2rdacarrier
650 _aFood Security
_94086
650 _aHalal industry
_9144
650 _aHalal trade
_9970
856 _zRequest full-text at [email protected]
942 _2lcc
942 _cSLIDE
942 _kSLID 000662
999 _c3378
_d3378